00617nam a2200193Ia 450000500170000000800410001704000190005804100120007708200130008910000170010224501000011926000430021930000230026244000290028550400500031465000200036465100290038485000100041320230609133420.0131103s9999 xx 000 0 und d aLoreto College aEnglish a938bFOR aForrest,W.G. 4aThe Emergence of Greek democracyb the character of Greek politics 800 - 400 B.C. cW.G.Forrest aLondonbWeildenfeld and Nicolsonc1966 a254 p.b ill.,maps aWorld University Library aIncludes bibliographical references and index aAncient History aGreece - Ancient History aLCLIB